00483 2200193 4500001002100000005001500021008004100036035001900077041000700096082000800103090001400111100001200125245002600137250000600163260006500169300003800234500000600272650001100278INLIS00000000000610820241224113228241224||||||||| | ||| |||| || |  0010-1224006108 aid0 a813 a813 SOP p0 aSopudin00aPiknik Ka Situ Gunung a1 aSukabumibDinas Pendidikan Dan Kebudayaan Kab.Sukabumic2003 a24,5x17 cm, viii, 40 hlm.; ilus.: a1 0aCerita